[Event "III Memorial Oliver Gonzalez (Torneo A)"]
[Site "Polideportivo Daoiz y Velarde,"]
[Date "2012.09.06"]
[Round "6"]
[White "Pablos Tenrero, Raquel"]
[Black "Blanco Sanchez, Jose Fernando"]
[Result "1-0"]
[WhiteElo "1965"]
[BlackElo "2107"]
[PlyCount "107"]
[EventDate "2012.09.01"]
[EventRounds "9"]
[EventCountry "ESP"]

1. e4 d6 2. d4 Nf6 3. Nc3 g6 4. g3 Bg7 5. Bg2 O-O 6. Nge2 e5 7. dxe5 dxe5 8.
O-O c6 9. Be3 Qe7 10. h3 Rd8 11. Qc1 Ne8 12. Na4 Na6 13. b3 Nec7 14. Nb2 Ne6
15. c3 f5 16. exf5 gxf5 17. Bh6 f4 18. Bxg7 Qxg7 19. gxf4 Nxf4 20. Nxf4 exf4
21. Kh2 f3 22. Bxf3 Qe5+ 23. Kh1 Kh8 24. Nc4 Qf6 25. Bg2 Be6 26. Qe3 Bxc4 27.
bxc4 Rf8 28. Rab1 b6 29. Rbd1 Nc5 30. Qd4 Rae8 31. Bxc6 Re7 32. Rg1 Ne6 33.
Qxf6+ Rxf6 34. Bd5 Re8 35. Rde1 h6 36. f4 Kh7 37. f5 Nc7 38. Rxe8 Nxe8 39. Re1
Ng7 40. Re7 Kh8 41. Rxa7 Nxf5 42. Rc7 Ng3+ 43. Kg2 Ne2 44. Rc6 Kg7 45. a4 Nxc3
46. Rxf6 Kxf6 47. Bc6 Ke5 48. Kf3 Kd4 49. Bb5 Nxa4 50. Bxa4 Kxc4 51. Kg4 Kd5
52. Kh5 Ke5 53. Kxh6 Kf6 54. h4 1-0

[Event "III Memorial Oliver Gonzalez (Torneo A)"]
[Site "Polideportivo Daoiz y Velarde,"]
[Date "2012.09.06"]
[Round "6"]
[White "Ananian, Arman"]
[Black "Ginesta Caballero, Olga Lucia"]
[Result "1/2-1/2"]
[WhiteElo "1866"]
[BlackElo "2099"]
[PlyCount "175"]
[EventDate "2012.09.01"]
[EventRounds "9"]
[EventCountry "ESP"]

1. d4 f5 2. c4 Nf6 3. Nc3 e6 4. Nf3 Be7 5. e3 b6 6. Bd3 Bb7 7. O-O O-O 8. Re1
Ne4 9. Nd2 Nxc3 10. bxc3 Qe8 11. e4 f4 12. Nf3 g5 13. c5 Qh5 14. h3 Bf6 15. a4
Nc6 16. Ba3 Rf7 17. Be2 Qh6 18. Nh2 Be7 19. Bh5 Rff8 20. Ng4 Qg7 21. d5 Na5 22.
d6 cxd6 23. cxd6 Bd8 24. Qd3 Rc8 25. f3 Nc4 26. e5 Bd5 27. Bc1 Rf5 28. Qe2 Kh8
29. Kh2 Bb7 30. Ba3 Ne3 31. Nxe3 Rxe5 32. Qd3 Rxe3 33. Rxe3 fxe3 34. Qxe3 Bf6
35. Ra2 Rxc3 36. Qe2 Be5+ 37. Kh1 Rc8 38. Rc2 Rxc2 39. Qxc2 Bc6 40. Bg4 Qf6 41.
Kg1 Bd4+ 42. Kh1 Qe5 43. Bb4 Qe3 44. Qd1 Bxa4 45. Qf1 Bb5 46. Qd1 Bc6 47. Bd2
Qe5 48. Qc1 h6 49. f4 Qc5 50. Qf1 Bb5 51. Qf3 Bc6 52. Qf1 Bb5 53. Qc1 Bc6 54.
Bf3 Qxd6 55. fxg5 Qg3 56. Bxc6 Be5 57. Kg1 dxc6 58. Qxc6 Bd4+ 59. Kh1 hxg5 60.
Qe8+ Kh7 61. Qf7+ Bg7 62. Qxe6 Qe5 63. Qg4 Qa1+ 64. Kh2 Qe5+ 65. Kh1 Kg6 66. h4
Bf6 67. hxg5 Bxg5 68. Bxg5 Qxg5 69. Qe6+ Qf6 70. Qg4+ Kh7 71. Qd7+ Qg7 72. Qf5+
Kh8 73. Qc8+ Qg8 74. Qc3+ Qg7 75. Qc8+ Kh7 76. Qf5+ Kh6 77. Qf4+ Kg6 78. Qg4+
Kh7 79. Qf5+ Kh6 80. Qf4+ Qg5 81. Qf8+ Kh5 82. Qf7+ Kh6 83. Qf8+ Kg6 84. Qg8+
Kf5 85. Qd5+ Kf4 86. Qd2+ Kf5 87. Qd5+ Kg6 88. Qg8+ 1/2-1/2

[Event "III Memorial Oliver Gonzalez (Torneo A)"]
[Site "Polideportivo Daoiz y Velarde,"]
[Date "2012.09.06"]
[Round "6"]
[White "Martin Prior, Francisco Jose"]
[Black "Martin Martin, Luis Vicente"]
[Result "0-1"]
[WhiteElo "1867"]
[BlackElo "2069"]
[PlyCount "88"]
[EventDate "2012.09.01"]
[EventRounds "9"]
[EventCountry "ESP"]

1. d4 Nf6 2. c4 e5 3. dxe5 Ne4 4. a3 d6 5. Nf3 Bf5 6. Nbd2 Nc6 7. Nxe4 Bxe4 8.
e6 fxe6 9. Ng5 Bf5 10. e4 Bg6 11. Nxe6 Qd7 12. Nxf8 Rxf8 13. f3 O-O-O 14. Be2
Rde8 15. O-O Qe6 16. Be3 Qe5 17. b4 Kb8 18. Bf2 Bf7 19. Rc1 g5 20. b5 Na5 21.
Bd4 Qe7 22. Bc3 Nxc4 23. Bxc4 Bxc4 24. Ba5 d5 25. Rf2 Qxa3 26. Bxc7+ Kxc7 27.
exd5 Rf4 28. d6+ Qxd6 29. Qa4 Qe6 30. g3 Rd4 31. Rfc2 Qe3+ 32. Kg2 Rd2+ 33.
Rxd2 Qxd2+ 34. Kh3 Qxc1 35. b6+ Kxb6 36. Qxe8 Qd2 37. Qe5 h5 38. Qf6+ Kb5 39.
Qe5+ Kb4 40. Qe7+ Ka4 41. Qe8+ b5 42. Qxh5 Be6+ 43. Qg4+ Bxg4+ 44. fxg4 Qd8 0-1

[Event "III Memorial Oliver Gonzalez (Torneo A)"]
[Site "Polideportivo Daoiz y Velarde,"]
[Date "2012.09.06"]
[Round "6"]
[White "Coleto Calderon, Jose Antonio"]
[Black "Hernandez Gutierrez, Jose"]
[Result "1-0"]
[WhiteElo "2096"]
[BlackElo "1877"]
[PlyCount "57"]
[EventDate "2012.09.01"]
[EventRounds "9"]
[EventCountry "ESP"]

1. e4 c5 2. Nf3 e6 3. c3 Nc6 4. d4 cxd4 5. cxd4 d5 6. e5 Bb4+ 7. Bd2 Qb6 8.
Bxb4 Qxb4+ 9. Qd2 Qxd2+ 10. Kxd2 Bd7 11. Nc3 a6 12. Bd3 f6 13. Rhe1 fxe5 14.
Nxe5 Nxe5 15. dxe5 Ne7 16. f4 O-O 17. g3 b5 18. Ne2 Rac8 19. Rac1 g6 20. Nd4
Rxc1 21. Rxc1 Rc8 22. Rxc8+ Nxc8 23. Kc3 Nb6 24. b3 Bc8 25. Kb4 Kf7 26. Kc5 Nc4
27. bxc4 bxc4 28. Bc2 Ke7 29. Kb6 1-0

[Event "III Memorial Oliver Gonzalez (Torneo A)"]
[Site "Polideportivo Daoiz y Velarde,"]
[Date "2012.09.06"]
[Round "6"]
[White "Spitzer Isbert, Ramon"]
[Black "Tipter, Napoleon"]
[Result "1-0"]
[WhiteElo "2078"]
[BlackElo "2002"]
[PlyCount "69"]
[EventDate "2012.09.01"]
[EventRounds "9"]
[EventCountry "ESP"]

1. Nf3 c5 2. e4 Nc6 3. Nc3 Nf6 4. Bb5 d6 5. d4 cxd4 6. Nxd4 Bd7 7. Bg5 Qb6 8.
Be3 Qa5 9. Nb3 Qc7 10. Qd2 e6 11. O-O-O a6 12. Be2 Be7 13. g4 O-O-O 14. g5 Ne8
15. Na4 Kb8 16. Bb6 Qc8 17. Bxd8 Bxd8 18. Rhg1 Ne5 19. Qd4 Qc6 20. Nac5 Bc7 21.
Nxd7+ Nxd7 22. Rg3 Bb6 23. Qb4 h6 24. g6 f6 25. Rc3 Nc5 26. Nd4 Qc7 27. Nxe6
Nxe6 28. Rxc7 Bxc7 29. Bxa6 Nc5 30. Bb5 Bd8 31. f4 Be7 32. Bxe8 Rxe8 33. Qc4
Rc8 34. Qf7 Bf8 35. Rd4 1-0

[Event "III Memorial Oliver Gonzalez (Torneo A)"]
[Site "Polideportivo Daoiz y Velarde,"]
[Date "2012.09.07"]
[Round "7"]
[White "Forcen Esteban, Daniel"]
[Black "Lariño Nieto, David"]
[Result "1-0"]
[WhiteElo "2469"]
[BlackElo "2487"]
[PlyCount "85"]
[EventDate "2012.09.01"]
[EventRounds "9"]
[EventCountry "ESP"]

1. e4 g6 2. d4 Bg7 3. Nc3 d6 4. h4 Nf6 5. Be2 h5 6. Nf3 O-O 7. Ng5 c5 8. dxc5
dxc5 9. Qxd8 Rxd8 10. Be3 Nfd7 11. f4 Nc6 12. e5 Nd4 13. O-O-O Nb6 14. Bxd4
cxd4 15. Nb5 f6 16. Nf3 Bg4 17. Nbxd4 Bh6 18. g3 fxe5 19. Nxe5 Rxd4 20. Bxg4
Rxf4 21. gxf4 Bxf4+ 22. Kb1 Bxe5 23. Bf3 Kh7 24. Rhg1 Bf6 25. Be4 Rg8 26. Rxg6
Rxg6 27. Rg1 Nc4 28. Bxg6+ Kh6 29. Bd3 Ne5 30. Rg8 Bxh4 31. Rh8+ Kg5 32. Be2
Ng4 33. Rh7 e5 34. Rxb7 Bf2 35. c4 a5 36. Rb5 Kf5 37. c5 Ke6 38. Rxa5 Nf6 39.
c6 Bb6 40. Ra8 Kd6 41. a4 h4 42. a5 Bd4 43. a6 1-0

[Event "III Memorial Oliver Gonzalez (Torneo A)"]
[Site "Polideportivo Daoiz y Velarde,"]
[Date "2012.09.07"]
[Round "7"]
[White "Gallardo Garcia, Andres"]
[Black "Fedorchuk, Sergey A"]
[Result "0-1"]
[WhiteElo "2339"]
[BlackElo "2646"]
[PlyCount "130"]
[EventDate "2012.09.01"]
[EventRounds "9"]
[EventCountry "ESP"]

1. e4 c5 2. Nf3 b6 3. d4 cxd4 4. Nxd4 Bb7 5. Nc3 a6 6. Be3 e6 7. f3 Qc7 8. Qd2
Nf6 9. O-O-O Bb4 10. Nde2 d5 11. a3 Be7 12. exd5 Bxd5 13. Ng3 Bc6 14. Bf4 Qb7
15. Bd3 Nbd7 16. Nce4 O-O 17. Nd6 Bxd6 18. Bxd6 Rfc8 19. Kb1 h5 20. Rhe1 b5 21.
Ne4 Nxe4 22. Rxe4 Bxe4 23. Bxe4 Qa7 24. Bxa8 Qxa8 25. Qg5 Qc6 26. c3 a5 27. Qg3
Kh7 28. Qf4 Kg8 29. Qg3 Nf6 30. Be5 Ne8 31. Qh4 Qc5 32. Qe4 Qe7 33. Bg3 Nf6 34.
Qe5 Qb7 35. Bf2 b4 36. axb4 axb4 37. cxb4 Qxb4 38. Bd4 Rd8 39. Rd3 Rd5 40. Qe3
Qd6 41. Kc2 Qxh2 42. Rd2 Qc7+ 43. Qc3 Ne8 44. b4 Qd7 45. Bc5 Qa4+ 46. Kb2 Nc7
47. Rc2 Rd1 48. Rc1 Nb5 49. Qe3 Rxc1 50. Kxc1 Qa1+ 51. Kd2 Qb2+ 52. Ke1 Qxg2
53. Qd3 Qg3+ 54. Kf1 Qb8 55. Qd7 Nc3 56. Kg2 Qb5 57. Qd6 Qe2+ 58. Kg3 Kh7 59.
Qf4 f6 60. Bf8 Qf1 61. Qe3 Ne2+ 62. Kh2 Qe1 63. Kg2 Qg3+ 64. Kf1 Nf4 65. Bd6
Qh3+ 0-1

[Event "III Memorial Oliver Gonzalez (Torneo A)"]
[Site "Polideportivo Daoiz y Velarde,"]
[Date "2012.09.07"]
[Round "7"]
[White "Narciso Dublan, Marc"]
[Black "Komljenovic, Davorin"]
[Result "1-0"]
[WhiteElo "2523"]
[BlackElo "2446"]
[PlyCount "163"]
[EventDate "2012.09.01"]
[EventRounds "9"]
[EventCountry "ESP"]

1. d4 Nf6 2. c4 e6 3. Nc3 Bb4 4. Qc2 d5 5. cxd5 exd5 6. Bg5 h6 7. Bh4 O-O 8. e3
c6 9. Bd3 Re8 10. Nge2 Nbd7 11. O-O-O Be7 12. f3 b6 13. Bf2 c5 14. h4 h5 15.
Nf4 c4 16. Bf5 Nf8 17. Bxc8 Rxc8 18. g4 hxg4 19. fxg4 Nxg4 20. Ncxd5 Bd6 21.
Rhg1 Nxf2 22. Qxf2 Bxf4 23. Nxf4 c3 24. Qg3 g6 25. h5 Qe7 26. Nd5 cxb2+ 27.
Kxb2 Qe6 28. Qf3 Red8 29. Rg5 Rxd5 30. Qxd5 Qxe3 31. Rg2 Qc3+ 32. Kb1 Qb4+ 33.
Rb2 Qe7 34. hxg6 Nxg6 35. Rg1 Kg7 36. Rf2 Rc7 37. Rgf1 Qb4+ 38. Qb3 Qxb3+ 39.
axb3 Nf8 40. Rg1+ Ng6 41. Kb2 Rc6 42. Rgf1 Rc7 43. b4 b5 44. Rf5 a6 45. Kb3 Nf8
46. Rg1+ Ng6 47. Rc5 Rd7 48. Kc3 Kf8 49. Ra1 Nf4 50. Rxa6 Ne2+ 51. Kb2 Nxd4 52.
Ra1 Ke7 53. Re1+ Kf6 54. Rf1+ Ke7 55. Re1+ Kd8 56. Ree5 Rd6 57. Red5 Kd7 58.
Rxd6+ Kxd6 59. Kc3 Ne2+ 60. Kd2 Nd4 61. Kd3 Nc6 62. Rxb5 f5 63. Kc3 f4 64. Rf5
Ne7 65. Rf8 Ke5 66. b5 Nd5+ 67. Kc4 Nb6+ 68. Kd3 Nd5 69. Re8+ Kd6 70. Kd4 Nc7
71. Rd8+ Ke7 72. Rb8 Kd6 73. Rb6+ Kd7 74. Kc4 Ne6 75. Rb7+ Kd6 76. Rf7 Ke5 77.
b6 Nd8 78. Rd7 Nc6 79. Kb5 Nd4+ 80. Rxd4 Kxd4 81. b7 f3 82. b8=Q 1-0

[Event "III Memorial Oliver Gonzalez (Torneo A)"]
[Site "Polideportivo Daoiz y Velarde,"]
[Date "2012.09.07"]
[Round "7"]
[White "Moreno Ruiz, Javier"]
[Black "Rubio Mejia, Luis Ignacio"]
[Result "1-0"]
[WhiteElo "2492"]
[BlackElo "2430"]
[PlyCount "67"]
[EventDate "2012.09.01"]
[EventRounds "9"]
[EventCountry "ESP"]

1. d4 Nf6 2. c4 e6 3. Nc3 Bb4 4. Qc2 O-O 5. a3 Bxc3+ 6. Qxc3 d5 7. Nf3 dxc4 8.
Qxc4 b6 9. Bg5 Ba6 10. Qa4 c5 11. dxc5 bxc5 12. Rc1 Qb6 13. Bxf6 gxf6 14. Rc2
Nc6 15. e3 Bxf1 16. Rxf1 Rfd8 17. Ke2 Na5 18. b4 Qa6+ 19. b5 Qb6 20. Qg4+ Kf8
21. Rb1 a6 22. Qh4 Kg7 23. Qg4+ Kf8 24. a4 Rac8 25. Qf4 Kg7 26. g4 c4 27. g5 f5
28. Qe5+ Kg8 29. Qf6 Rd5 30. Ne5 Qc7 31. g6 Rxe5 32. gxf7+ Kf8 33. Rg1 Rxe3+
34. Kxe3 1-0

[Event "III Memorial Oliver Gonzalez (Torneo A)"]
[Site "Polideportivo Daoiz y Velarde,"]
[Date "2012.09.07"]
[Round "7"]
[White "Arribas Lopez, Angel"]
[Black "Renteria, Jorge"]
[Result "1-0"]
[WhiteElo "2467"]
[BlackElo "2310"]
[PlyCount "67"]
[EventDate "2012.09.01"]
[EventRounds "9"]
[EventCountry "ESP"]

1. e4 c5 2. Nf3 d6 3. d4 cxd4 4. Nxd4 Nf6 5. Nc3 a6 6. Be2 e5 7. Nb3 Be7 8. O-O
O-O 9. Re1 Be6 10. Bf3 Nbd7 11. a4 Qc7 12. Nd2 Nb6 13. Nf1 h6 14. Ne3 Nc4 15.
Nf5 Bxf5 16. exf5 Rab8 17. b3 Nb6 18. Re3 Nbd7 19. a5 Rfc8 20. h4 b5 21. axb6
Nxb6 22. Be2 d5 23. Rg3 d4 24. Bxh6 Bf8 25. Bg5 Nbd7 26. Rxa6 Be7 27. Bxf6 Nxf6
28. Rxf6 Bxf6 29. Nd5 Qd6 30. Bc4 e4 31. Qh5 Be5 32. Rg6 Qa3 33. Nf6+ Bxf6 34.
Rxg7+ 1-0

[Event "III Memorial Oliver Gonzalez (Torneo A)"]
[Site "Polideportivo Daoiz y Velarde,"]
[Date "2012.09.07"]
[Round "7"]
[White "Ortega Ruiz, Jose M"]
[Black "Almagro Llamas, Pablo"]
[Result "1/2-1/2"]
[WhiteElo "2300"]
[BlackElo "2455"]
[PlyCount "132"]
[EventDate "2012.09.01"]
[EventRounds "9"]
[EventCountry "ESP"]

1. d4 Nf6 2. c4 e6 3. Nf3 c5 4. e3 cxd4 5. exd4 d5 6. Nc3 Bb4 7. Qb3 Nc6 8.
cxd5 Nxd5 9. Bd3 Na5 10. Qc2 Bd7 11. a3 Bxc3+ 12. bxc3 Rc8 13. Bd2 Nc4 14. Bxc4
Rxc4 15. Ne5 Rc8 16. O-O f6 17. Nd3 O-O 18. c4 Ne7 19. Bb4 Re8 20. Nc5 Nf5 21.
Rfd1 b6 22. Nxd7 Qxd7 23. Qd3 Red8 24. d5 e5 25. a4 Nd4 26. a5 Qg4 27. axb6
axb6 28. Be7 Rd7 29. d6 Ne2+ 30. Kh1 Nf4 31. Qg3 Qxg3 32. hxg3 Ng6 33. Rdb1
Rxc4 34. Ra8+ Kf7 35. Bd8 Rxd6 36. Ra7+ Ke6 37. Bxb6 Rd7 38. Rxd7 Kxd7 39. Be3
Ne7 40. Rb7+ Ke6 41. Rb6+ Kf7 42. Rb7 h5 43. Kg1 g5 44. Kf1 Ke6 45. Rb6+ Kf5
46. Rd6 Kg6 47. Rd8 Nf5 48. Bb6 Rc6 49. Ba7 Ra6 50. Bc5 Ra5 51. Bb6 Rb5 52. Ba7
Rb1+ 53. Ke2 Rb2+ 54. Kf1 Ra2 55. Bc5 Kf7 56. Rh8 Ke6 57. Rxh5 Kd5 58. Bb6 Ra6
59. Bd8 Ra1+ 60. Ke2 Nd4+ 61. Kd3 e4+ 62. Kc3 Rc1+ 63. Kd2 Rc2+ 64. Ke1 Rc1+
65. Kd2 Rc2+ 66. Ke1 Rc1+ 1/2-1/2

[Event "III Memorial Oliver Gonzalez (Torneo A)"]
[Site "Polideportivo Daoiz y Velarde,"]
[Date "2012.09.07"]
[Round "7"]
[White "Solaesa Navalpotro, Luis Julio"]
[Black "Pogorelov, Ruslan"]
[Result "1-0"]
[WhiteElo "2235"]
[BlackElo "2422"]
[PlyCount "137"]
[EventDate "2012.09.01"]
[EventRounds "9"]
[EventCountry "ESP"]

1. d4 e6 2. Nf3 Nf6 3. c4 b6 4. a3 Ba6 5. Qc2 Bb7 6. Nc3 c5 7. e4 cxd4 8. Nxd4
d6 9. Be2 Be7 10. O-O O-O 11. Be3 Nbd7 12. Rfd1 a6 13. f3 Rc8 14. Qd2 Qc7 15.
Rac1 Qb8 16. Qe1 Rfe8 17. Qf2 Ne5 18. Qf1 Bd8 19. b4 Bc7 20. h3 Ng6 21. Bf2 h5
22. Bd3 h4 23. Nde2 Nh5 24. Qe1 Bd8 25. Qd2 Qc7 26. Na4 Qe7 27. Nxb6 Bxb6 28.
Bxb6 Qf6 29. Be3 Ne5 30. Bd4 Qg6 31. Bxe5 dxe5 32. Qe3 f5 33. c5 Red8 34. Bc2
Qf6 35. Rxd8+ Rxd8 36. Rd1 Rxd1+ 37. Bxd1 fxe4 38. fxe4 Nf4 39. Nc3 Qg5 40. Bg4
Qd8 41. Bf3 Bc6 42. Ne2 Ng6 43. Bg4 Kf7 44. Qf3+ Ke7 45. Bh5 Nf4 46. Nxf4 exf4
47. Qxf4 Qd4+ 48. Qf2 Qa1+ 49. Qf1 Qxa3 50. Qf7+ Kd8 51. Qf8+ Kc7 52. Qxg7+ Kc8
53. Qf8+ Kc7 54. Qe7+ Kc8 55. Qxe6+ Bd7 56. Qd6 Qe3+ 57. Kh2 Bxh3 58. Qf8+ Kc7
59. Qf7+ Kc8 60. Qf3 Qxf3 61. gxf3 Bf1 62. Be8 Kd8 63. Bc6 Ke7 64. Bd5 Kf6 65.
f4 Ke7 66. e5 Kd7 67. f5 Bd3 68. c6+ Kc7 69. f6 1-0

[Event "III Memorial Oliver Gonzalez (Torneo A)"]
[Site "Polideportivo Daoiz y Velarde,"]
[Date "2012.09.07"]
[Round "7"]
[White "Ruiz Sanchez, Orlen"]
[Black "Rodrigo Yanguas, Maria"]
[Result "0-1"]
[WhiteElo "2422"]
[BlackElo "2171"]
[PlyCount "60"]
[EventDate "2012.09.01"]
[EventRounds "9"]
[EventCountry "ESP"]

1. e4 e6 2. d4 d5 3. Nc3 Nf6 4. e5 Nfd7 5. f4 c5 6. Nf3 Nc6 7. Be3 Be7 8. dxc5
Nxc5 9. Qd2 O-O 10. O-O-O a6 11. Qf2 Qa5 12. Kb1 Bd7 13. f5 d4 14. Nxd4 Nxe5
15. Qg3 Bf6 16. Bf4 Nc6 17. Bc7 b6 18. Nxc6 Bxc6 19. Rd6 Ne4 20. Nxe4 Bxe4 21.
Rxb6 Rac8 22. Rb7 Rxc7 23. Rxc7 Be5 24. Qe3 Qxc7 25. Qxe4 Rb8 26. Bc4 Rxb2+ 27.
Kc1 Rb4 28. fxe6 Rxc4 29. Qa8+ Qc8 30. exf7+ Kf8 0-1

[Event "III Memorial Oliver Gonzalez (Torneo A)"]
[Site "Polideportivo Daoiz y Velarde,"]
[Date "2012.09.07"]
[Round "7"]
[White "Moreno Tejera, Emilio"]
[Black "Silva Rodriguez, Julio"]
[Result "1/2-1/2"]
[WhiteElo "2358"]
[BlackElo "2102"]
[PlyCount "68"]
[EventDate "2012.09.01"]
[EventRounds "9"]
[EventCountry "ESP"]

1. e4 e6 2. b3 d5 3. Bb2 dxe4 4. Nc3 Nf6 5. Qe2 Nbd7 6. g4 h6 7. O-O-O b6 8.
Bg2 Bb7 9. h4 Nd5 10. Bxe4 N7f6 11. Bf3 Qd7 12. Nh3 O-O-O 13. g5 hxg5 14. hxg5
Ng8 15. Nxd5 Bxd5 16. Nf4 Rxh1 17. Bxh1 Bxh1 18. Rxh1 Ne7 19. Nd3 Qd5 20. Rg1
Ng6 21. f4 Bd6 22. Rf1 Rh8 23. Bxg7 Rh1 24. Kb2 Rxf1 25. Qxf1 Qe4 26. Bf6 Nxf4
27. Nxf4 Bxf4 28. Bc3 e5 29. Qa6+ Kb8 30. Qb5 Bxg5 {(=)} 31. Qe8+ Kb7 32. Qxf7
Bf4 33. Qe6 a5 34. a4 Qg2 1/2-1/2

[Event "III Memorial Oliver Gonzalez (Torneo A)"]
[Site "Polideportivo Daoiz y Velarde,"]
[Date "2012.09.07"]
[Round "7"]
[White "Horvath, Adam"]
[Black "Jimenez Martinez, Jose Vicente"]
[Result "1-0"]
[WhiteElo "2495"]
[BlackElo "2277"]
[PlyCount "77"]
[EventDate "2012.09.01"]
[EventRounds "9"]
[EventCountry "ESP"]

1. e4 g6 2. d4 Bg7 3. Nc3 d6 4. Bg5 c6 5. Qd2 b5 6. f4 Qb6 7. Nf3 Bg4 8. O-O-O
b4 9. Ne2 Nd7 10. h3 Bxf3 11. gxf3 h6 12. Bh4 Ngf6 13. Rg1 Qa5 14. Kb1 Qh5 15.
Be1 Qxf3 16. Bg2 Qh5 17. e5 dxe5 18. Ng3 Qh4 19. dxe5 Nd5 20. Nf5 Qxf4 21.
Nxg7+ Kf8 22. Ne6+ fxe6 23. Rf1 Qxf1 24. Bxf1 Kg7 25. Bg2 N7b6 26. Bf2 Rad8 27.
Bxb6 axb6 28. Bxd5 Rxd5 29. Qe1 Rhd8 30. Rxd5 Rxd5 31. Kc1 c5 32. Qe2 g5 33.
Qb5 Kf7 34. Qxb6 Rxe5 35. a4 bxa3 36. bxa3 h5 37. Qc7 Kf6 38. Qb8 g4 39. Qh8+
1-0

[Event "III Memorial Oliver Gonzalez (Torneo A)"]
[Site "Polideportivo Daoiz y Velarde,"]
[Date "2012.09.07"]
[Round "7"]
[White "Santos, Jose Alves"]
[Black "Barria Zuñiga, Daniel"]
[Result "1/2-1/2"]
[WhiteElo "2265"]
[BlackElo "2432"]
[PlyCount "92"]
[EventDate "2012.09.01"]
[EventRounds "9"]
[EventCountry "ESP"]

1. e4 c5 2. c3 d5 3. exd5 Qxd5 4. d4 Nf6 5. Nf3 Bg4 6. Be2 e6 7. O-O Nc6 8. Be3
cxd4 9. Nxd4 Bxe2 10. Qxe2 Be7 11. Rd1 O-O 12. c4 Nxd4 13. Bxd4 Qe4 14. Qxe4
Nxe4 15. Nc3 Nxc3 16. Bxc3 Rfd8 17. Kf1 f6 18. a4 Kf7 19. Ke2 e5 20. f3 Ke6 21.
Ba5 b6 22. Bc3 a5 23. Rab1 Rxd1 24. Rxd1 Rc8 25. b3 h5 26. h3 h4 27. Rd5 Rc5
28. Rd3 Rc6 29. Rd5 Rc5 30. Rd3 Rc6 31. Be1 g5 32. Bf2 Bc5 33. Rd8 Bxf2 34.
Kxf2 Rd6 35. Rb8 f5 36. Ke2 Kf6 37. Rf8+ Ke6 38. Re8+ Kf6 39. Ke3 Re6 40. Rf8+
Kg6 41. Rc8 e4 42. fxe4 Rxe4+ 43. Kd3 Kf6 44. c5 bxc5 45. Rxc5 Re5 46. Rc6+ Re6
1/2-1/2

[Event "III Memorial Oliver Gonzalez (Torneo A)"]
[Site "Polideportivo Daoiz y Velarde,"]
[Date "2012.09.07"]
[Round "7"]
[White "Meszaros, Tamas"]
[Black "Horcajada Reales, Guillermo"]
[Result "1/2-1/2"]
[WhiteElo "2428"]
[BlackElo "2207"]
[PlyCount "61"]
[EventDate "2012.09.01"]
[EventRounds "9"]
[EventCountry "ESP"]

1. e4 e6 2. Qe2 e5 3. Nf3 Nc6 4. g3 g6 5. Bg2 Bg7 6. O-O Nge7 7. c3 O-O 8. Rd1
d5 9. d3 h6 10. b4 a6 11. Nbd2 d4 12. cxd4 Nxb4 13. dxe5 Qxd3 14. Qxd3 Nxd3 15.
Ba3 c5 16. Nb3 Nxe5 17. Nxe5 Bxe5 18. Rac1 b6 19. Nxc5 bxc5 20. Bxc5 Re8 21.
Bxe7 Bg4 22. f3 Bxf3 23. Bxf3 Rxe7 24. Bg4 h5 25. Rc8+ Rxc8 26. Bxc8 a5 27. Rd7
Rxd7 28. Bxd7 Kf8 29. Kg2 Ke7 30. Bb5 Kd6 31. Be8 1/2-1/2

[Event "III Memorial Oliver Gonzalez (Torneo A)"]
[Site "Polideportivo Daoiz y Velarde,"]
[Date "2012.09.07"]
[Round "7"]
[White "Martin Rueda, Daniel"]
[Black "Espinosa Aranda, Angel"]
[Result "0-1"]
[WhiteElo "2297"]
[BlackElo "2422"]
[PlyCount "66"]
[EventDate "2012.09.01"]
[EventRounds "9"]
[EventCountry "ESP"]

1. e4 c5 2. Nf3 Nc6 3. Bb5 g6 4. O-O Bg7 5. Re1 e5 6. b4 cxb4 7. a3 b3 8. cxb3
Nge7 9. d4 exd4 10. e5 O-O 11. Bg5 h6 12. Bh4 g5 13. Bxg5 hxg5 14. Nxg5 d5 15.
Bd3 Bf5 16. e6 fxe6 17. Rxe6 Qd7 18. f4 Nd8 19. Bxf5 Rxf5 20. Re1 Rxf4 21. Nd2
Qf5 22. Nh3 Re4 23. Rf1 Qe5 24. Nf3 Qh5 25. Qd3 Ne6 26. Qb5 b6 27. Qd7 Qe8 28.
Qb7 Nc5 29. Qc7 Qd7 30. Qg3 Rg4 31. Qe1 Rf8 32. b4 Ne4 33. Rd1 Nf5 0-1

[Event "III Memorial Oliver Gonzalez (Torneo A)"]
[Site "Polideportivo Daoiz y Velarde,"]
[Date "2012.09.07"]
[Round "7"]
[White "Valles Moreno, Ivan"]
[Black "De La Fuente Gonzalez, Francisc"]
[Result "1-0"]
[WhiteElo "2385"]
[BlackElo "2203"]
[PlyCount "53"]
[EventDate "2012.09.01"]
[EventRounds "9"]
[EventCountry "ESP"]

1. e4 e5 2. Nf3 Nf6 3. d4 Nxe4 4. Bd3 d5 5. dxe5 Nc5 6. Be2 Be7 7. O-O O-O 8.
Be3 Nc6 9. Nc3 Be6 10. a3 Ne4 11. Nb5 Bg4 12. Nbd4 Bxf3 13. gxf3 Nxd4 14. Bxd4
Ng5 15. Be3 c5 16. f4 d4 17. Bc1 Ne6 18. f5 Nc7 19. Bd3 f6 20. e6 b5 21. Qg4
Kh8 22. Be4 Rb8 23. Kh1 Rg8 24. Rg1 Qf8 25. Rg3 Ne8 26. Rh3 h6 27. Qg6 1-0

[Event "III Memorial Oliver Gonzalez (Torneo A)"]
[Site "Polideportivo Daoiz y Velarde,"]
[Date "2012.09.07"]
[Round "7"]
[White "Elissalt Cardenas, Hector"]
[Black "Rodriguez Melendez, Juan Humbe"]
[Result "1-0"]
[WhiteElo "2353"]
[BlackElo "2080"]
[PlyCount "115"]
[EventDate "2012.09.01"]
[EventRounds "9"]
[EventCountry "ESP"]

1. c4 Nf6 2. Nc3 g6 3. g3 Bg7 4. Bg2 O-O 5. e4 d6 6. Nge2 c5 7. h3 Nc6 8. d3
Rb8 9. Be3 Nd7 10. f4 a6 11. O-O Nd4 12. Qd2 b5 13. Rab1 Re8 14. Rfc1 bxc4 15.
dxc4 Nb6 16. Qd3 Nxe2+ 17. Nxe2 a5 18. Bd2 a4 19. Bc3 Bd7 20. Bxg7 Kxg7 21. g4
Bc6 22. Ng3 Nd7 23. Qc3+ Kg8 24. Rc2 Rb4 25. Nf1 Qa8 26. Re1 Reb8 27. Ree2 R8b6
28. g5 Qf8 29. Ne3 Qg7 30. e5 Bxg2 31. Kxg2 e6 32. Rcd2 h5 33. exd6 Qf8 34. Qd3
Qb8 35. Nd1 Qb7+ 36. Kh2 Qa6 37. Rxe6 Qxc4 38. Qxc4 Rxc4 39. Re7 Rb7 40. Ne3
Rd4 41. Rxd4 cxd4 42. Nc4 Nc5 43. Rc7 Rb5 44. d7 Ne6 45. Rc8+ Kg7 46. d8=Q Nxd8
47. Rxd8 a3 48. bxa3 Rb1 49. Rxd4 Rc1 50. a4 Rc2+ 51. Kg3 Rxa2 52. a5 Kf8 53.
h4 Ke7 54. Rd2 Ra4 55. Re2+ Kd8 56. Ne5 Ra3+ 57. Kg2 Ra4 58. Nxf7+ 1-0

[Event "III Memorial Oliver Gonzalez (Torneo A)"]
[Site "Polideportivo Daoiz y Velarde,"]
[Date "2012.09.07"]
[Round "7"]
[White "Perez Gonzalez, Jose Manuel"]
[Black "Montañes Arribas, Adrian"]
[Result "1/2-1/2"]
[WhiteElo "2333"]
[BlackElo "2200"]
[PlyCount "57"]
[EventDate "2012.09.01"]
[EventRounds "9"]
[EventCountry "ESP"]

1. e4 e5 2. Nc3 Nf6 3. f4 d5 4. fxe5 Nxe4 5. d3 Nxc3 6. bxc3 d4 7. Nf3 Nc6 8.
cxd4 Bb4+ 9. Bd2 Bxd2+ 10. Qxd2 Nxd4 11. Qf2 Nxf3+ 12. gxf3 O-O 13. d4 c5 14.
c3 Be6 15. Bg2 Qa5 16. O-O Qxc3 17. dxc5 Bd5 18. Rad1 Bc6 19. f4 Bxg2 20. Kxg2
Rac8 21. Rd5 Rcd8 22. Rfd1 Rxd5 23. Rxd5 Qc4 24. Qd2 Qe4+ 25. Kg3 Qg6+ 26. Kf3
Qh5+ 27. Kg3 Qg6+ 28. Kf3 Qh5+ 29. Kg3 1/2-1/2

[Event "III Memorial Oliver Gonzalez (Torneo A)"]
[Site "Polideportivo Daoiz y Velarde,"]
[Date "2012.09.07"]
[Round "7"]
[White "Vazquez Torres, Adrian"]
[Black "Martin Duque, Jesus"]
[Result "1-0"]
[WhiteElo "2149"]
[BlackElo "2261"]
[PlyCount "63"]
[EventDate "2012.09.01"]
[EventRounds "9"]
[EventCountry "ESP"]

1. e4 e6 2. d4 d5 3. Nc3 Bb4 4. e5 c5 5. a3 Bxc3+ 6. bxc3 Qa5 7. Bd2 Qa4 8. Qg4
g6 9. Nf3 Nc6 10. Bd3 c4 11. Be2 Bd7 12. O-O h6 13. Qh4 Nge7 14. Ra2 O-O-O 15.
Rb1 Rdf8 16. Qf6 Rh7 17. h4 Ng8 18. Qf4 f6 19. Qg3 Be8 20. exf6 Nxf6 21. Qd6
Rff7 22. Ne5 Re7 23. Bf3 Nxe5 24. dxe5 Nd7 25. Rab2 b6 26. Be3 Qa6 27. Rb4 Nb8
28. Bg4 b5 29. Qxd5 Bd7 30. Qc5+ Kd8 31. a4 Ke8 32. axb5 1-0